• 首页
  • 本馆介绍
  • 公告通知
  • 最新文献
  • 馆藏检索
  • 电子资源
  • 读者导购
  • 参考咨询
  • 我的图书馆
  • 登录
  • 详细信息显示
  • 放入我的书架
  • 预约/预借图书
  • 作者相关作品
  • 分类相关作品
  • 丛书相关作品
  • 出版社相关作品

书目信息

  • 表格格式
  • 工作单格式
  • 卡片格式
题名:
校园冰雪运动文化建设与发展战略研究
    
 
作者: 李佩聪 著
分册:  
出版信息: 长春   吉林出版集团股份有限公司  2021.3
页数: 253页
开本: 24cm
丛书名:
单 册:
中图分类: G812.5
科图分类:
主题词: 冰上运动--校园文化--建设--研究--中国 , 雪上运动--校园文化--建设--研究--中国
电子资源:
ISBN: 978-7-5581-8414-7
000 01001nam0 2200241 45
001 012001001646
005 20141010173539.0
010    @a978-7-5581-8414-7@dCNY72.00
100    @a20200929d2020 em y0chiy50 ea
101 0  @achi
102    @aCN@b220000
105    @aa z 000yy
106    @ar
200 1  @a校园冰雪运动文化建设与发展战略研究@Axiao yuan bing xue yun dong wen hua jian she yu fa zhan zhan lue yan jiu@b专著@f李佩聪著
210    @a长春@c吉林出版集团股份有限公司@d2021.3
215    @a253页@c图@d24cm
330    @a本书共有八章,前三章阐述了冰雪运动的基本理论、发展态势,以及冰雪运动与校园文化之间的关系。第四章至第七章研究与探讨了促进我国校园冰雪运动基础设施战略。第八章分析了2022年京张冬奥会的筹备工作以及促进冰雪运动可持续发展的战略。
606 0  @a冰上运动@x校园文化@x建设@x研究@y中国
606 0  @a雪上运动@x校园文化@x建设@x研究@y中国
690    @aG812.5@v5
701  0 @a李佩聪@Ali pei cong@f(1972~)@4著
801  2 @aCN@b江苏凤凰@c20211018
905    @b1345163-6@dG812.5@e159@f4
    
    校园冰雪运动文化建设与发展战略研究/李佩聪著.-长春:吉林出版集团股份有限公司,2021.3
    253页:图;24cm
    
    
    ISBN 978-7-5581-8414-7:CNY72.00
    本书共有八章,前三章阐述了冰雪运动的基本理论、发展态势,以及冰雪运动与校园文化之间的关系。第四章至第七章研究与探讨了促进我国校园冰雪运动基础设施战略。第八章分析了2022年京张冬奥会的筹备工作以及促进冰雪运动可持续发展的战略。
●
相关链接 在E读中查询图书 在五车中查询图书 在当当中查询图书 在豆瓣中查询图书


正题名:校园冰雪运动文化建设与发展战略研究     索取号:G812.5/159         预约/预借

序号 登录号 条形码 馆藏地/架位号 状态 备注
1 1345163   213451637   第一样本阅览室/ [索取号:G812.5/159] 在馆    
2 1345164   213451646   第四借阅区/ [索取号:G812.5/159] 在馆    
3 1345165   213451655   第四借阅区/ [索取号:G812.5/159] 在馆    
4 1345166   213451664   第四借阅区/ [索取号:G812.5/159] 在馆    
唐山师范学院图书馆 欢迎您!
大连网信软件有限公司© 版权所有